Phrases in random languages - Statistics

General Stats
  • This quiz has been taken 7 times
  • The average score is 5 of 14
Answer Stats
Phrase Language % Correct
Hvað heitir þú?(What's your name?) Icelandic
100%
Praat stadiger asseblief(Please speak more slowly.) Afrikaans
67%
Quant costa això?(How much does this cost?) Catalan
50%
Nalliuniqsiutsiarit!(Happy birthday!) Inuktitut
50%
E gudde Rutsch an d'neit Joer.(I wish you a happy new year.) Luxembourgish
50%
Ĉu vi komprenas?(Do you understand?) Esperanto
33%
Tu sheidzleba gaimeoret.(Please repeat that.) Georgian
33%
Mehrabai wakrey.(Please.) Pashto
33%
Volt ir gevolt tantsn mit mir?(Would you like to dance with me?) Yiddish
33%
Zein da zure izena?(What's your name?) Basque
17%
Saquu gawonisdi vtla yeliquu.(One language is never enough.) Cherokee
17%
Nga chhoe da chhedi sem gaa yi.(Pleased to meet you.) Dzongkha
17%
Ndinovimba kuti uchakurumidza kupora.(Get well soon.) Shona
17%
Mi te zood nedîtî ye!(Long time no see!) Kurdish
0%
No matching quizzes found
Score Distribution
Percent of People with Each Score
Percentile by Number Answered
Your Score History
You have not taken this quiz